Peanuts Cartoon Knowledge - Statistics

General Stats
  • This quiz has been taken 105 times
  • The average score is 5 of 17
Answer Stats
Hint Answer % Correct
Carries around a blanket Linus
99%
Loves Beethoven Schroeder
82%
Lives in Needles Spike
57%
Is Snoopy's Sister; lives in Kansas City Belle
38%
Charlie Brown's father's job barber
35%
Type of plane that Snoopy fantasizes flying against the Red Baron Sopwith Camel
32%
Country that Peppermint Patty visits after failing a year of school France
31%
Violet's last name Gray
20%
Snoopy likes to quaff root beer with him on Veteran's Day Bill Mauldin
13%
Peppermint Patty's last name Reichardt
13%
State that school building's adobe brother lives in New Mexico
12%
3 and 4's sisters Five
8%
Name of team that Charlie Brown coaches when he runs away from home after biting a kite eating tree Goose Eggs
8%
Schroeder's street James Street
2%
The bone that Snoopy broke in the 1960s Fifth Metatarsal
1%
Location of comic Hennepin County
1%
The name of Charlie Brown's baseball team Tigers
1%
No matching quizzes found
Score Distribution
Percent of People with Each Score
Percentile by Number Answered
Your Score History
You have not taken this quiz